Bhāī Nanda Lāla granthāwalī. (Record no. 88015)

MARC details
000 -LEADER
fixed length control field 00624cam a22002291 4500
001 - CONTROL NUMBER
control field sa 68017865
003 - CONTROL NUMBER IDENTIFIER
control field DLC
005 - DATE AND TIME OF LATEST TRANSACTION
control field 20260227112706.0
008 - FIXED-LENGTH DATA ELEMENTS--GENERAL INFORMATION
fixed length control field 950217s1968 ii j 000 0 pero
010 ## - LIBRARY OF CONGRESS CONTROL NUMBER
LC control number sa 68017865
025 ## - OVERSEAS ACQUISITION NUMBER
Overseas acquisition number PL480:I-P-57
035 ## - SYSTEM CONTROL NUMBER
System control number (OCoLC)32009668
040 ## - CATALOGING SOURCE
Original cataloging agency DLC
Transcribing agency CU
Modifying agency CU
-- DLC
042 ## - AUTHENTICATION CODE
Authentication code premarc
050 00 - LIBRARY OF CONGRESS CALL NUMBER
Classification number PK6495.N26
Item number A6 1968
100 0# - MAIN ENTRY--PERSONAL NAME
Personal name Nanda Lāla,
Dates associated with a name 1633-1705.
245 10 - TITLE STATEMENT
Title Bhāī Nanda Lāla granthāwalī.
260 ## - PUBLICATION, DISTRIBUTION, ETC.
Date of publication, distribution, etc. [1968]
300 ## - PHYSICAL DESCRIPTION
Extent 32, 221 p.
Other physical details geneal. table.
Dimensions 23 cm.
500 ## - GENERAL NOTE
General note In Persian; explanations and some poems in Panjabi.
700 1# - ADDED ENTRY--PERSONAL NAME
Personal name Singh, Ganda.

No items available.

Powered by Koha